<?xml version="1.0" encoding="UTF-8"?>
<record
    xmlns:xsi="http://www.w3.org/2001/XMLSchema-instance"
    xsi:schemaLocation="http://www.loc.gov/MARC21/slim http://www.loc.gov/standards/marcxml/schema/MARC21slim.xsd"
    xmlns="http://www.loc.gov/MARC21/slim">

  <leader>03734nam a2200577Ia 4500</leader>
  <controlfield tag="001">614</controlfield>
  <controlfield tag="008">241029s9999    xx            000 0 und d</controlfield>
  <datafield tag="010" ind1=" " ind2=" ">
    <subfield code="a">556</subfield>
  </datafield>
  <datafield tag="041" ind1=" " ind2=" ">
    <subfield code="a">Espa&#xF1;ol</subfield>
  </datafield>
  <datafield tag="082" ind1=" " ind2=" ">
    <subfield code="a">NO APLICA</subfield>
  </datafield>
  <datafield tag="245" ind1=" " ind2="0">
    <subfield code="a">Impacto de la gesti&#xF3;n educativa en el rendimiento de los estudiantes de la Escuela B&#xE1;sica Maria Trinidad S&#xE1;nchez del Distrito 10-01, Santo Domingo Norte, a&#xF1;o 2013-2014</subfield>
  </datafield>
  <datafield tag="260" ind1=" " ind2=" ">
    <subfield code="a">Santo Domingo</subfield>
  </datafield>
  <datafield tag="300" ind1=" " ind2=" ">
    <subfield code="a">113</subfield>
  </datafield>
  <datafield tag="520" ind1=" " ind2=" ">
    <subfield code="a">30</subfield>
  </datafield>
  <datafield tag="630" ind1=" " ind2=" ">
    <subfield code="a">Bajo Rendimiento</subfield>
  </datafield>
  <datafield tag="630" ind1=" " ind2=" ">
    <subfield code="a">Centros Educativos</subfield>
  </datafield>
  <datafield tag="630" ind1=" " ind2=" ">
    <subfield code="a">Desajustes Conductuales</subfield>
  </datafield>
  <datafield tag="630" ind1=" " ind2=" ">
    <subfield code="a">Integraci&#xF3;n Familiar</subfield>
  </datafield>
  <datafield tag="630" ind1=" " ind2=" ">
    <subfield code="a">Pr&#xE1;ctica Docente</subfield>
  </datafield>
  <datafield tag="650" ind1=" " ind2=" ">
    <subfield code="a">Gesti&#xF3;n Educativa</subfield>
  </datafield>
  <datafield tag="690" ind1=" " ind2=" ">
    <subfield code="a">Elaborado</subfield>
  </datafield>
  <datafield tag="700" ind1=" " ind2=" ">
    <subfield code="e">asesor</subfield>
    <subfield code="a">P&#xE9;rez , Miledys </subfield>
  </datafield>
  <datafield tag="700" ind1=" " ind2=" ">
    <subfield code="e">autor</subfield>
    <subfield code="a">Pe&#xF1;a Lebr&#xF3;n, Rosa Alt.</subfield>
  </datafield>
  <datafield tag="700" ind1=" " ind2=" ">
    <subfield code="e">autor</subfield>
    <subfield code="a">S&#xE1;nchez, Mar&#xED;a Virgen </subfield>
  </datafield>
  <datafield tag="901" ind1=" " ind2=" ">
    <subfield code="a">{"1":"Pe&#xF1;a Lebr&#xF3;n","2":"S&#xE1;nchez"}</subfield>
    <subfield code="b">{"1":"Rosa Alt.","2":"Mar&#xED;a Virgen "}</subfield>
  </datafield>
  <datafield tag="902" ind1=" " ind2=" ">
    <subfield code="a">1</subfield>
  </datafield>
  <datafield tag="903" ind1=" " ind2=" ">
    <subfield code="a">{"1":"P&#xE9;rez "}</subfield>
    <subfield code="b">{"1":"Miledys "}</subfield>
  </datafield>
  <datafield tag="904" ind1=" " ind2=" ">
    <subfield code="a">Maestr&#xED;a en</subfield>
  </datafield>
  <datafield tag="905" ind1=" " ind2=" ">
    <subfield code="a">Ciencias de la Educaci&#xF3;n</subfield>
  </datafield>
  <datafield tag="906" ind1=" " ind2=" ">
    <subfield code="a">1</subfield>
  </datafield>
  <datafield tag="907" ind1=" " ind2=" ">
    <subfield code="a">Menci&#xF3;n en</subfield>
  </datafield>
  <datafield tag="908" ind1=" " ind2=" ">
    <subfield code="a">Gesti&#xF3;n Educativa</subfield>
  </datafield>
  <datafield tag="909" ind1=" " ind2=" ">
    <subfield code="a">Universidad Abierta para Adultos (UAPA), Recinto Santo Domingo Oriental</subfield>
  </datafield>
  <datafield tag="910" ind1=" " ind2=" ">
    <subfield code="a">NULL</subfield>
    <subfield code="b">NULL</subfield>
  </datafield>
  <datafield tag="911" ind1=" " ind2=" ">
    <subfield code="a">["1"]</subfield>
  </datafield>
  <datafield tag="912" ind1=" " ind2=" ">
    <subfield code="a">NO APLICA</subfield>
  </datafield>
  <datafield tag="913" ind1=" " ind2=" ">
    <subfield code="a">NULL</subfield>
  </datafield>
  <datafield tag="914" ind1=" " ind2=" ">
    <subfield code="a">04 de Marzo de 2013</subfield>
  </datafield>
  <datafield tag="915" ind1=" " ind2=" ">
    <subfield code="a">03/07/15 08:07</subfield>
  </datafield>
  <datafield tag="916" ind1=" " ind2=" ">
    <subfield code="a">NULL</subfield>
  </datafield>
  <datafield tag="917" ind1=" " ind2=" ">
    <subfield code="a">NULL</subfield>
  </datafield>
  <datafield tag="918" ind1=" " ind2=" ">
    <subfield code="a">NO APLICA</subfield>
  </datafield>
  <datafield tag="919" ind1=" " ind2=" ">
    <subfield code="a">["27","33","57","123","246"]</subfield>
  </datafield>
  <datafield tag="520" ind1=" " ind2=" ">
    <subfield code="a">&#xA0;Los principales prop&#xF3;sitos del estudio consistieron en determinar las causas del bajo rendimiento acad&#xE9;mico, determinar las acciones que generan un bajo rendimiento en los estudiantes e indicar la metodolog&#xED;a que utiliza la gesti&#xF3;n para mejorar los aprendizajes de los estudiantes y se&#xF1;alar las estrategias que utiliza la gesti&#xF3;n para mejorar el rendimiento escolar.Esta investigaci&#xF3;n es de tipo descriptiva y de campo a su vez, el m&#xE9;todo utilizado fue el inductivo, las t&#xE9;cnicas fueron la encuesta y el cuestionario estructurado. La poblaci&#xF3;n objeto de estudio fueron 2 personas que forman parte del personal administrativo, 10 docentes y 138 estudiantes de la Escuela Mar&#xED;a Trinidad S&#xE1;nchez Distrito 10-01; Para la investigaci&#xF3;n fue tomada como muestra el total de la poblaci&#xF3;n.&#xA0; Entre los principales resultados del estudio se destaca que las causas del bajo rendimiento acad&#xE9;mico en la escuela Mar&#xED;a Trinidad S&#xE1;nchez Distrito 10-01 fueron la poca integraci&#xF3;n de la familia en el proceso ense&#xF1;anza aprendizaje, la &#xA0;deficiencia en las acciones realizadas por la gesti&#xF3;n escolar para integrar a toda la comunidad educativa en los procesos de ense&#xF1;anza y aprendizaje, adem&#xE1;s &#xA0; un seguimiento inadecuado a los estudiantes que reflejan un bajo rendimiento acad&#xE9;mico.&#xA0; Entre las causas que generan un bajo rendimiento en los estudiantes se encuentran la situaci&#xF3;n econ&#xF3;mica, la falta de atenci&#xF3;n de los padres, la falta de concentraci&#xF3;n. La falta de integraci&#xF3;n de la familia en el proceso es el factor m&#xE1;s incidente en el rendimiento acad&#xE9;mico de los estudiantes; las estrategias que utiliza la gesti&#xF3;n para mejorar el rendimiento escolar son la terapia de aprendizaje, asesor&#xED;as grupales, trabajo con la familia, charlas y di&#xE1;logos, la gesti&#xF3;n para mejorar el rendimiento escolar,El estudio propone involucrar de manera activa en los procesos de ense&#xF1;anza aprendizaje a &#xA0;los padres y a los docentes, que elaboren programas especiales para los estudiantes que presenten un bajo rendimiento.Para visualizar este estudio en su totalidad haga click aqu&#xED;</subfield>
  </datafield>
  <datafield tag="921" ind1=" " ind2=" ">
    <subfield code="a">16</subfield>
  </datafield>
  <datafield tag="922" ind1=" " ind2=" ">
    <subfield code="a">16</subfield>
  </datafield>
  <datafield tag="923" ind1=" " ind2=" ">
    <subfield code="a">0</subfield>
  </datafield>
  <datafield tag="924" ind1=" " ind2=" ">
    <subfield code="a">NO APLICA</subfield>
  </datafield>
  <datafield tag="942" ind1=" " ind2=" ">
    <subfield code="c">Tesis</subfield>
  </datafield>
  <datafield tag="999" ind1=" " ind2=" ">
    <subfield code="c">556</subfield>
    <subfield code="d">556</subfield>
  </datafield>
</record>
